000
00293nam a22001337a 4500
008
171107b xxu||||| |||| 00| 0 eng d
020
_a
9780673999887
041
_a
eng
080
_2
5TH
_a
330.322
100
_a
63
101
_a
INV
245
_a
INVESTIMENT
_c
RADCLIFFE,R.C
942
_2
udc
_c
BK
999
_c
38127
_d
38127